[Event "ACT-ch"]
[Site "Canberra"]
[Date "2015.03.06"]
[Round "1"]
[White "Dunn, Paul1111"]
[Black "Reading, Jeremy"]
[Result "0-1"]
[WhiteElo "1586"]
[BlackElo "1960"]
[PlyCount "38"]
[EventDate "2015.03.06"]
[EventType "swiss"]
[EventRounds "7"]
[EventCountry "AUS"]
[SourceTitle "CBM 165 Extra"]
[Source "ChessBase"]
[SourceDate "2015.04.21"]
[SourceVersion "1"]
[SourceVersionDate "2015.04.21"]
[SourceQuality "1"]

1. d4 g6 2. Nf3 Bg7 3. g3 c5 4. Bg2 cxd4 5. Nxd4 Nc6 6. c3 Qb6 7. Nf3 Nf6 8. 0-0 0-0 9. Na3 d5 10. Rb1 Bf5 11. Nc2 Rfd8 12. Be3 Qa5 13. Ra1 e5 14. Re1 Ng4 15. Bd2 Qb6 16. h3 Nxf2 17. Qb1 Nxh3+ 18. Kh2 Nf2 19. Be3 Ng4+ 0-1

[Event "Doeberl Cup Premier 50th"]
[Site "Canberra"]
[Date "2012.04.08"]
[Round "8"]
[White "Selnes, Hamish"]
[Black "Reading, Jeremy"]
[Result "0-1"]
[WhiteElo "1912"]
[BlackElo "1909"]
[PlyCount "52"]
[EventDate "2012.04.05"]
[EventType "swiss"]
[EventRounds "9"]
[EventCountry "AUS"]
[SourceTitle "EXT 2023"]
[Source "ChessBase"]
[SourceDate "2022.10.05"]
[SourceVersion "1"]
[SourceVersionDate "2022.10.05"]
[SourceQuality "1"]

1. d4 g6 2. c4 Bg7 3. Nf3 d6 4. Nc3 c5 5. d5 Bxc3+ 6. bxc3 f5 7. e3 Qa5 8. Qc2 Nf6 9. Bd3 Nbd7 10. 0-0 Ng4 11. e4 Nde5 12. exf5 Nxf3+ 13. gxf3 Ne5 14. fxg6 hxg6 15. Be4 Bf5 16. Bf4 Nxf3+ 17. Kh1 Rh4 18. Bxf5 Rxf4 19. Be6 Rf6 20. Rad1 Kd8 21. Rd3 Kc7 22. Qe2 Raf8 23. Re3 Kb8 24. Rb1 Nxh2 25. f3 Nxf3 26. Kg2 Nd4 0-1

[Event "Canberra ANU op"]
[Site "Canberra"]
[Date "2009.07.25"]
[Round "4"]
[White "Dragicevic, Domagoj"]
[Black "Reading, Jeremy"]
[Result "1-0"]
[WhiteElo "2166"]
[BlackElo "1762"]
[PlyCount "51"]
[EventDate "2009.07.25"]
[EventType "swiss"]
[EventRounds "7"]
[EventCountry "AUS"]
[SourceTitle "EXT 2011"]
[Source "ChessBase"]
[SourceDate "2010.11.26"]
[SourceVersion "1"]
[SourceVersionDate "2010.11.26"]
[SourceQuality "1"]

1. e4 g6 2. d4 c6 3. Nc3 d6 4. Be3 Bg7 5. Qd2 Nd7 6. f3 a6 7. a4 Ngf6 8. Bd3 0-0 9. Nge2 e5 10. dxe5 dxe5 11. a5 Qe7 12. Na4 Rd8 13. 0-0 Bf8 14. Rfd1 Rb8 15. c3 Qe8 16. Ng3 Be7 17. Qf2 Qf8 18. Rd2 c5 19. Rad1 Ne8 20. Bc4 b6 21. axb6 Nxb6 22. Rxd8 Nxc4 23. Bxc5 Bxc5 24. Qxc5 Qxc5+ 25. Nxc5 Kf8 26. Nd7+ 1-0

[Event "Belconnen"]
[Site "Belconnen"]
[Date "2006.07.07"]
[Round "9"]
[White "Reading, Jeremy"]
[Black "Hoang, Khoi"]
[Result "0-1"]
[WhiteElo "1764"]
[BlackElo "1786"]
[PlyCount "82"]
[EventDate "2006.05.05"]
[EventType "tourn"]
[EventRounds "9"]
[EventCountry "AUS"]
[SourceTitle "EXT 2008"]
[Source "ChessBase"]
[SourceDate "2007.11.25"]
[SourceVersion "1"]
[SourceVersionDate "2007.11.25"]
[SourceQuality "1"]

1. Nf3 f5 2. d3 Nf6 3. g3 e6 4. Bg2 Be7 5. 0-0 0-0 6. c3 Qe8 7. Qb3 d5 8. Nbd2 Qh5 9. Re1 Nbd7 10. Qc2 c6 11. e4 fxe4 12. dxe4 Bc5 13. b4 Bb6 14. Nd4 Ng4 15. N2f3 Rxf3 16. Bxf3 Qxh2+ 17. Kf1 Nde5 18. Bg2 Bd7 19. Bf4 Rf8 20. exd5 cxd5 21. Rxe5 Bxd4 22. cxd4 Nxe5 23. a4 Nc4 24. Qe2 Rf5 25. f3 g5 26. Bc7 g4 27. Bf4 Rxf4 28. gxf4 gxf3 29. Bxf3 Nd2+ 30. Ke1 Nxf3+ 31. Qxf3 Qg1+ 32. Qf1 Qe3+ 33. Kd1 Qxd4+ 34. Kc2 Qxb4 35. Qg1+ Kf7 36. Qxa7 Qc4+ 37. Kb2 Qb4+ 38. Kc2 d4 39. Ra2 Bc6 40. Kc1 Be4 41. Rf2 Qe1+ 0-1

[Event "Belconnen"]
[Site "Belconnen"]
[Date "2006.05.26"]
[Round "4"]
[White "Reading, Jeremy"]
[Black "Rout, Ian Clive"]
[Result "1/2-1/2"]
[WhiteElo "1764"]
[BlackElo "1777"]
[PlyCount "100"]
[EventDate "2006.05.05"]
[EventType "tourn"]
[EventRounds "9"]
[EventCountry "AUS"]
[SourceTitle "EXT 2008"]
[Source "ChessBase"]
[SourceDate "2007.11.25"]
[SourceVersion "1"]
[SourceVersionDate "2007.11.25"]
[SourceQuality "1"]

1. Nf3 c5 2. e4 e6 3. d3 Nc6 4. g3 d5 5. Nbd2 Nf6 6. Bg2 Be7 7. 0-0 0-0 8. e5 Nd7 9. Qe2 b5 10. h4 a5 11. Re1 Ba6 12. c3 b4 13. c4 Nb6 14. b3 Qc7 15. Nf1 a4 16. N1h2 axb3 17. axb3 dxc4 18. bxc4 Bb7 19. Bg5 Bxg5 20. Nxg5 Nd4 21. Qh5 h6 22. Ne4 b3 23. Ng4 Rxa1 24. Rxa1 Nf5 25. Rb1 Bxe4 26. Bxe4 g6 27. Nf6+ Kg7 28. Qd1 Qxe5 29. Ng4 Qd4 30. Bxf5 exf5 31. Nh2 f4 32. Nf3 Qf6 33. Rxb3 fxg3 34. fxg3 Ra8 35. Qe2 Nd7 36. Qb2 Qxb2 37. Rxb2 Ra3 38. Rd2 Kf6 39. Kf2 Ne5 40. Nxe5 Kxe5 41. Ke3 Ra6 42. Rb2 Kf5 43. Kf3 Rd6 44. g4+ Ke5 45. Ke3 Rd4 46. Rg2 f5 47. gxf5 Kxf5 48. Rf2+ Ke5 49. Rg2 Rd6 50. Rg4 Kf5 1/2-1/2

[Event "Doeberl Cup 44th"]
[Site "Canberra"]
[Date "2006.04.17"]
[Round "7"]
[White "Brockman, Roland"]
[Black "Reading, Jeremy"]
[Result "0-1"]
[WhiteElo "1660"]
[BlackElo "1810"]
[PlyCount "86"]
[EventDate "2006.04.14"]
[EventType "swiss"]
[EventRounds "7"]
[EventCountry "AUS"]
[SourceTitle "CBM 111 Extra"]
[Source "ChessBase"]
[SourceDate "2006.05.09"]
[SourceVersion "1"]
[SourceVersionDate "2006.05.09"]
[SourceQuality "1"]

1. d4 g6 2. Nf3 Bg7 3. c3 d6 4. Bg5 Nf6 5. Nbd2 Nbd7 6. e3 0-0 7. a4 c6 8. a5 Re8 9. Be2 e5 10. dxe5 Nxe5 11. Ne4 Nxf3+ 12. Bxf3 d5 13. Nxf6+ Bxf6 14. Bxf6 Qxf6 15. 0-0 Bf5 16. Qd4 Qg5 17. Qf4 Qxf4 18. exf4 Be4 19. Bxe4 Rxe4 20. Rfe1 Rae8 21. Kf1 Kf8 22. g3 f5 23. f3 Rxe1+ 24. Rxe1 Rxe1+ 25. Kxe1 c5 26. Kd2 Ke7 27. c4 Kd6 28. cxd5 Kxd5 29. Kc3 b5 30. axb6 axb6 31. Kd3 c4+ 32. Kc3 Kc5 33. g4 b5 34. h4 b4+ 35. Kd2 Kd4 36. h5 c3+ 37. bxc3+ bxc3+ 38. Kc2 Ke3 39. gxf5 gxf5 40. Kxc3 Kxf4 41. Kd4 Kxf3 42. h6 Kg4 43. Ke5 Kg5 0-1

[Event "Belconnen op"]
[Site "Belconnen"]
[Date "2005.09.02"]
[Round "9"]
[White "Guo Yuthok, Sherab"]
[Black "Reading, Jeremy"]
[Result "0-1"]
[WhiteElo "1692"]
[BlackElo "1770"]
[PlyCount "66"]
[EventDate "2005.07.08"]
[EventType "swiss"]
[EventRounds "11"]
[EventCountry "AUS"]
[SourceTitle "EXT 2007"]
[Source "ChessBase"]
[SourceDate "2006.11.23"]
[SourceVersion "1"]
[SourceVersionDate "2006.11.23"]
[SourceQuality "1"]

1. d4 g6 2. e4 Bg7 3. Nc3 c6 4. Be3 d6 5. a4 a5 6. Bc4 Nd7 7. Qd2 e5 8. d5 c5 9. Bb5 Ne7 10. Nce2 f5 11. f3 0-0 12. Bxd7 Bxd7 13. c4 Qb6 14. Nc3 Qb3 15. Qe2 Nc8 16. Ra3 Qb4 17. Kd1 Nb6 18. Bc1 Nxc4 19. Ra1 fxe4 20. fxe4 Rf7 21. Nf3 Raf8 22. Rb1 Nb6 23. Qc2 Bg4 24. Ra1 Bxf3+ 25. gxf3 Rxf3 26. Re1 Rf2 27. Bd2 Nc4 28. Re2 Rf1+ 29. Be1 Bh6 30. b3 Ne3+ 31. Rxe3 Bxe3 32. Ke2 R8f2+ 33. Bxf2 Rxf2+ 0-1

[Event "Belconnen op"]
[Site "Belconnen"]
[Date "2005.07.08"]
[Round "1"]
[White "Xing, Edward"]
[Black "Reading, Jeremy"]
[Result "0-1"]
[WhiteElo "1171"]
[BlackElo "1770"]
[PlyCount "70"]
[EventDate "2005.07.08"]
[EventType "swiss"]
[EventRounds "11"]
[EventCountry "AUS"]
[SourceTitle "EXT 2010"]
[Source "ChessBase"]
[SourceDate "2010.11.25"]
[SourceVersion "1"]
[SourceVersionDate "2010.11.25"]
[SourceQuality "1"]

1. e4 g6 2. d4 d6 3. Nc3 c6 4. Bc4 Bg7 5. Qf3 e6 6. Nge2 Nd7 7. Bf4 a6 8. Bxd6 Nb6 9. Qg3 Nxc4 10. Bc7 Qe7 11. b3 e5 12. Bxe5 Nxe5 13. dxe5 Qxe5 14. Qd3 Ne7 15. 0-0 0-0 16. Rad1 Be6 17. f4 Qc7 18. Ng3 Rad8 19. Qf3 Bg4 20. Qxg4 Bxc3 21. f5 f6 22. fxg6 Nxg6 23. Nf5 Kh8 24. h4 Rxd1 25. Rxd1 Nf4 26. Nh6 f5 27. exf5 Bg7 28. f6 Bxh6 29. Rd7 Qb6+ 30. Kh2 Rg8 31. Rg7 Bxg7 32. Qxf4 Bf8 33. Qe5 Qf2 34. Qe4 Bd6+ 35. Qe5 Qxg2# 0-1

[Event "Doeberl Cup Minor 42nd"]
[Site "Canberra"]
[Date "2004.04.12"]
[Round "7"]
[White "Reading, Jeremy"]
[Black "White, Aaron"]
[Result "1-0"]
[WhiteElo "1579"]
[BlackElo "1562"]
[PlyCount "115"]
[EventDate "2004.04.09"]
[EventType "swiss"]
[EventRounds "7"]
[EventCountry "AUS"]
[SourceTitle "EXT 2006"]
[Source "ChessBase"]
[SourceDate "2005.11.24"]
[SourceVersion "1"]
[SourceVersionDate "2005.11.24"]
[SourceQuality "1"]

1. Nf3 d5 2. g3 f5 3. Bg2 Nf6 4. 0-0 e6 5. d3 c5 6. Nbd2 Bd6 7. Re1 f4 8. e4 fxe3 9. fxe3 0-0 10. e4 Bc7 11. d4 cxd4 12. exd5 Nxd5 13. Nc4 Nc6 14. a4 Nf6 15. b3 Re8 16. Nfe5 Nxe5 17. Nxe5 Ba5 18. Bd2 Bxd2 19. Qxd2 Qb6 20. Nc4 Qc5 21. Re5 Qc7 22. Qxd4 Bd7 23. Rae1 Rab8 24. Bh3 Rbd8 25. Qxa7 Kh8 26. Qb6 Qb8 27. Bg2 Nd5 28. Bxd5 exd5 29. Rxe8+ Rxe8 30. Rxe8+ Qxe8 31. Ne3 Bc6 32. Qd4 h6 33. Qf4 Qe7 34. Kf2 Kg8 35. b4 d4 36. Qxd4 Bxa4 37. c3 Bc6 38. h4 Qf7+ 39. Ke1 Qf3 40. Qf4 Qh1+ 41. Qf1 Qe4 42. Qc4+ Qxc4 43. Nxc4 Kf7 44. Ne5+ Ke6 45. Nxc6 bxc6 46. Ke2 Kd5 47. Kd3 c5 48. c4+ Kc6 49. b5+ Kd6 50. Ke4 g6 51. g4 h5 52. gxh5 gxh5 53. Kf5 Kd7 54. Kg5 Kd6 55. Kxh5 Ke5 56. b6 Kd6 57. Kg5 Kc6 58. h5 1-0

[Event "AUS-ch U18"]
[Site "Adelaide"]
[Date "2003.01.24"]
[Round "11"]
[White "Wongwichit, Phachara"]
[Black "Reading, Jeremy"]
[Result "1/2-1/2"]
[WhiteElo "1718"]
[BlackElo "1363"]
[PlyCount "43"]
[EventDate "2003.01.??"]
[EventType "swiss"]
[EventRounds "11"]
[EventCountry "AUS"]
[SourceTitle "EXT 2006"]
[Source "ChessBase"]
[SourceDate "2005.11.24"]
[SourceVersion "1"]
[SourceVersionDate "2005.11.24"]
[SourceQuality "1"]

1. e4 g6 2. d4 Bg7 3. f4 c6 4. Nf3 d5 5. e5 h5 6. Bd3 Bg4 7. Be3 Nh6 8. Nbd2 Nf5 9. Bf2 e6 10. h3 Bxf3 11. Nxf3 h4 12. Qd2 Bf8 13. 0-0-0 Nd7 14. Rhg1 c5 15. c3 Qa5 16. Kb1 cxd4 17. Nxd4 Nxd4 18. Bxd4 Bc5 19. Bc2 Bxd4 20. Qxd4 Qc5 21. Ba4 Qxd4 22. cxd4 1/2-1/2

[Event "AUS-ch U18"]
[Site "Adelaide"]
[Date "2003.01.23"]
[Round "10"]
[White "Reading, Jeremy"]
[Black "Thiyagarajah, Prakash"]
[Result "1/2-1/2"]
[WhiteElo "1363"]
[BlackElo "1533"]
[PlyCount "67"]
[EventDate "2003.01.??"]
[EventType "swiss"]
[EventRounds "11"]
[EventCountry "AUS"]
[SourceTitle "EXT 2006"]
[Source "ChessBase"]
[SourceDate "2005.11.24"]
[SourceVersion "1"]
[SourceVersionDate "2005.11.24"]
[SourceQuality "1"]

1. Nf3 f5 2. g3 Nf6 3. Bg2 g6 4. 0-0 Bg7 5. d3 d6 6. c3 0-0 7. Ng5 d5 8. Nd2 h6 9. Ngf3 c6 10. Ne5 Kh7 11. d4 Nbd7 12. f4 Qc7 13. Ndf3 e6 14. b3 b6 15. Ba3 c5 16. Rc1 Re8 17. Nh4 Nxe5 18. dxe5 Ne4 19. Qc2 Bb7 20. Bxe4 dxe4 21. e3 Red8 22. Rcd1 Bf8 23. c4 Be7 24. Ng2 a6 25. Rf2 Rxd1+ 26. Qxd1 Rd8 27. Rd2 Rxd2 28. Qxd2 Qd8 29. Qxd8 Bxd8 30. Kf2 Be7 31. Ne1 b5 32. Nc2 bxc4 33. bxc4 a5 34. Bc1 1/2-1/2

[Event "AUS-ch U18"]
[Site "Adelaide"]
[Date "2003.01.21"]
[Round "9"]
[White "Reading, Jeremy"]
[Black "Watson, James"]
[Result "1-0"]
[WhiteElo "1363"]
[BlackElo "1639"]
[PlyCount "56"]
[EventDate "2003.01.??"]
[EventType "swiss"]
[EventRounds "11"]
[EventCountry "AUS"]
[SourceTitle "EXT 2006"]
[Source "ChessBase"]
[SourceDate "2005.11.24"]
[SourceVersion "1"]
[SourceVersionDate "2005.11.24"]
[SourceQuality "1"]

1. Nf3 d5 2. g3 c5 3. Bg2 Nc6 4. 0-0 e5 5. d3 f5 6. e4 fxe4 7. dxe4 d4 8. Na3 Nf6 9. Nc4 Bd6 10. Nh4 0-0 11. f4 exf4 12. Nxd6 Qxd6 13. gxf4 Qe7 14. Qe1 Nb4 15. Rf2 Nfd5 16. Nf3 Nxf4 17. Bf1 Qf6 18. Nxd4 Qxd4 19. Be3 Qd6 20. Rd1 Qg6+ 21. Kh1 Ne6 22. Rxf8+ Kxf8 23. Bxc5+ Nxc5 24. Qf2+ Qf6 25. Qxc5+ Qe7 26. Rd8+ Kf7 27. Qh5+ Kf6 28. e5+ Qxe5 1-0

[Event "AUS-ch U18"]
[Site "Adelaide"]
[Date "2003.01.18"]
[Round "6"]
[White "Reading, Jeremy"]
[Black "Lugo, Ruperto"]
[Result "0-1"]
[WhiteElo "1363"]
[BlackElo "1665"]
[PlyCount "76"]
[EventDate "2003.01.??"]
[EventType "swiss"]
[EventRounds "11"]
[EventCountry "AUS"]
[SourceTitle "EXT 2006"]
[Source "ChessBase"]
[SourceDate "2005.11.24"]
[SourceVersion "1"]
[SourceVersionDate "2005.11.24"]
[SourceQuality "1"]

1. Nf3 Nf6 2. g3 d5 3. Bg2 c6 4. 0-0 Bg4 5. d3 Nbd7 6. Nbd2 e5 7. c3 Bd6 8. Qc2 0-0 9. Re1 Rc8 10. e4 Re8 11. b4 b5 12. Qb3 a5 13. a3 a4 14. Qa2 h6 15. c4 Be6 16. exd5 cxd5 17. c5 Bb8 18. Qc2 Bf5 19. Nh4 Bh7 20. Bb2 Bc7 21. Nhf3 e4 22. Nd4 exd3 23. Qb1 Ne4 24. Bxe4 dxe4 25. Nc6 Qg5 26. Bc1 Qh5 27. Nd4 Be5 28. Bb2 Bxd4 29. Bxd4 Ne5 30. Bxe5 Qxe5 31. Re3 f5 32. Qa2+ Kh8 33. Rae1 Qc3 34. f3 Bg8 35. Qb1 Qxd2 36. fxe4 fxe4 37. Rxe4 Rxe4 38. Rxe4 Bd5 0-1

[Event "AUS-ch U18"]
[Site "Adelaide"]
[Date "2003.01.13"]
[Round "1"]
[White "Rej, Tomek"]
[Black "Reading, Jeremy"]
[Result "1-0"]
[WhiteElo "2067"]
[BlackElo "1363"]
[PlyCount "45"]
[EventDate "2003.01.??"]
[EventType "swiss"]
[EventRounds "11"]
[EventCountry "AUS"]
[SourceTitle "EXT 2006"]
[Source "ChessBase"]
[SourceDate "2005.11.24"]
[SourceVersion "1"]
[SourceVersionDate "2005.11.24"]
[SourceQuality "1"]

1. d4 g6 2. c4 Bg7 3. e4 c5 4. d5 d6 5. Nf3 Nf6 6. Nc3 0-0 7. Bd3 Nbd7 8. h3 Nb6 9. 0-0 Nfd7 10. Be3 Ne5 11. Nxe5 Bxe5 12. f4 Bg7 13. Qd2 Bh6 14. Rae1 e6 15. dxe6 fxe6 16. e5 dxe5 17. fxe5 Nxc4 18. Rxf8+ Bxf8 19. Bxc4 Qxd2 20. Bxd2 a6 21. a4 b6 22. Ne4 h6 23. Bc3 1-0

[Event "ACT-ch"]
[Site "Canberra"]
[Date "2002.10.16"]
[Round "11"]
[White "Jochimsen, Erik"]
[Black "Reading, Jeremy"]
[Result "0-1"]
[WhiteElo "1418"]
[BlackElo "1265"]
[PlyCount "70"]
[EventDate "2002.08.07"]
[EventType "swiss"]
[EventRounds "11"]
[EventCountry "AUS"]
[SourceTitle "EXT 2006"]
[Source "ChessBase"]
[SourceDate "2005.11.24"]
[SourceVersion "1"]
[SourceVersionDate "2005.11.24"]
[SourceQuality "1"]

1. d4 g6 2. e3 Bg7 3. f4 d6 4. c3 Nf6 5. Bd3 0-0 6. Nf3 Nc6 7. 0-0 e5 8. Bc4 e4 9. Ng5 d5 10. Bb3 Bg4 11. Qe1 h6 12. Nh3 Bxh3 13. gxh3 Qd7 14. Qg3 Ne7 15. Kf2 Nf5 16. Qg2 Nh4 17. Qg3 Nf3 18. Nd2 Nh5 19. Qg4 Qxg4 20. hxg4 Nxh2 21. gxh5 Nxf1 22. Nxf1 c6 23. hxg6 fxg6 24. Ng3 Bf6 25. Nxe4 Bh4+ 26. Kg2 Kg7 27. Ng3 Rae8 28. Kh3 g5 29. fxg5 hxg5 30. Nh5+ Kg6 31. Bd1 Rf1 32. Bg4 Ref8 33. Ng3 Bxg3 34. Kxg3 Rg1+ 35. Kh2 Rxg4 0-1

[Event "ACT-ch"]
[Site "Canberra"]
[Date "2002.09.25"]
[Round "8"]
[White "Reading, Jeremy"]
[Black "Robertson, Keith"]
[Result "1-0"]
[WhiteElo "1265"]
[BlackElo "1531"]
[PlyCount "145"]
[EventDate "2002.08.07"]
[EventType "swiss"]
[EventRounds "11"]
[EventCountry "AUS"]
[SourceTitle "EXT 2006"]
[Source "ChessBase"]
[SourceDate "2005.11.24"]
[SourceVersion "1"]
[SourceVersionDate "2005.11.24"]
[SourceQuality "1"]

1. Nf3 d5 2. g3 Nc6 3. Bg2 e5 4. d3 Be7 5. 0-0 h6 6. Nbd2 Nf6 7. e4 dxe4 8. dxe4 0-0 9. c3 Bg4 10. Qb3 Qc8 11. Qc2 Qe6 12. Nh4 Rad8 13. Nf5 Be2 14. Re1 Bd3 15. Qb3 Qxb3 16. Nxe7+ Nxe7 17. Nxb3 b6 18. f4 exf4 19. Bxf4 c5 20. Rad1 Bc2 21. Rd2 Rxd2 22. Nxd2 Rd8 23. Nc4 Ng6 24. Be5 Nxe5 25. Nxe5 Re8 26. Nc6 Bxe4 27. Bxe4 Nxe4 28. Nxa7 Ra8 29. Rxe4 Rxa7 30. Re8+ Kh7 31. a3 Rd7 32. Kf2 Rd2+ 33. Re2 Rd6 34. Ke3 f5 35. Kf4 Kg6 36. Re5 Rf6 37. b3 Rd6 38. Rxf5 Rd3 39. Re5 Rxc3 40. Re6+ Kf7 41. Rxb6 c4 42. bxc4 Rxc4+ 43. Kf5 g6+ 44. Ke5 Rc5+ 45. Kd4 Ra5 46. Rb3 Ke6 47. Kc4 h5 48. Kb4 Ra7 49. a4 Kd5 50. Ra3 Rb7+ 51. Kc3 Kc5 52. a5 Rf7 53. Ra1 Rf3+ 54. Kd2 Rf7 55. a6 Kb6 56. a7 Rxa7 57. Rxa7 Kxa7 58. Ke3 g5 59. Ke4 h4 60. g4 Kb7 61. Kf5 Kc6 62. Kxg5 h3 63. Kh4 Kd5 64. Kxh3 Ke6 65. Kh4 Kf6 66. Kh5 Kg7 67. Kg5 Kg8 68. Kg6 Kh8 69. Kf7 Kh7 70. g5 Kh8 71. h3 Kh7 72. g6+ Kh6 73. g7 1-0

[Event "ACT-ch"]
[Site "Canberra"]
[Date "2002.09.18"]
[Round "7"]
[White "Reading, Jeremy"]
[Black "Oakes, Ashley"]
[Result "0-1"]
[WhiteElo "1265"]
[BlackElo "1817"]
[PlyCount "100"]
[EventDate "2002.08.07"]
[EventType "swiss"]
[EventRounds "11"]
[EventCountry "AUS"]
[SourceTitle "EXT 2006"]
[Source "ChessBase"]
[SourceDate "2005.11.24"]
[SourceVersion "1"]
[SourceVersionDate "2005.11.24"]
[SourceQuality "1"]

1. Nf3 Nf6 2. g3 d5 3. Bg2 c5 4. 0-0 Nc6 5. d3 e6 6. Nbd2 Qc7 7. Re1 b6 8. e4 Be7 9. c3 Bb7 10. e5 Nd7 11. d4 Rc8 12. Nb3 c4 13. Nbd2 b5 14. Nf1 a5 15. Ng5 h6 16. Qh5 0-0 17. Nxe6 fxe6 18. Qg6 Nd8 19. Bxh6 Rf7 20. Re3 Nf8 21. Qg4 Kh8 22. Bg5 Bxg5 23. Qxg5 Qe7 24. Qh5+ Kg8 25. Bh3 g6 26. Qg4 Kg7 27. Nd2 Nh7 28. f4 b4 29. Nf3 bxc3 30. bxc3 Bc6 31. Nh4 Nf8 32. Rf1 Bd7 33. Nf3 Kg8 34. Ng5 Rg7 35. Rb1 Qa3 36. Qe2 Nc6 37. Qd2 Rb8 38. Ree1 Bc8 39. Rxb8 Nxb8 40. Rb1 Nc6 41. Rb6 Rc7 42. Qc2 Kg7 43. Bg4 Qe7 44. Qa4 Bd7 45. h4 Nxd4 46. Qxa5 Nc6 47. Qa6 Ra7 48. Rxc6 Rxa6 49. Rxa6 Bc8 50. Rd6 Qa7+ 0-1

[Event "ACT-ch"]
[Site "Belconnen"]
[Date "2001.09.21"]
[Round "5"]
[White "Oliver, Shannon"]
[Black "Reading, Jeremy"]
[Result "1-0"]
[WhiteElo "1473"]
[BlackElo "1145"]
[PlyCount "71"]
[EventDate "2001.08.24"]
[EventType "swiss"]
[EventRounds "9"]
[EventCountry "AUS"]
[SourceTitle "EXT 2006"]
[Source "ChessBase"]
[SourceDate "2005.11.24"]
[SourceVersion "1"]
[SourceVersionDate "2005.11.24"]
[SourceQuality "1"]

1. e4 g6 2. d4 Bg7 3. c3 d6 4. Bc4 e5 5. f4 Qh4+ 6. g3 Qe7 7. Qd3 Bh6 8. Nf3 exf4 9. Bxf4 Bxf4 10. gxf4 Bf5 11. Nbd2 Nf6 12. 0-0-0 Bxe4 13. Nxe4 Nxe4 14. Rde1 f5 15. Ng5 Kf8 16. Nxe4 fxe4 17. Rxe4 Qd7 18. Rhe1 Nc6 19. Bd5 Qf5 20. Qf3 g5 21. Bxc6 bxc6 22. Qh5 Qg6 23. Qxg5 Qxg5 24. fxg5 Rc8 25. Re7 Rg8 26. h4 Rg7 27. Rxg7 Kxg7 28. h5 Kf7 29. Rf1+ Ke7 30. g6 hxg6 31. hxg6 Rg8 32. Rf7+ Ke6 33. Rxc7 Rxg6 34. Rxc6 Kd5 35. Rc7 Ke4 36. Kc2 1-0